[Event "Donihue U2200 op"]
[White "Rojas Mery, Leonardo Andres"]
[Black "Pulgar Diaz, Cristian"]
[Site "Donihue"]
[Round "1"]
[Result "0-1"]
[Date "2014.01.31"]
[WhiteElo "1884"]
[BlackElo "2095"]
[PlyCount "90"]
[EventDate "2014.01.31"]
[EventType "swiss"]
[EventRounds "7"]
[EventCountry "CHI"]
[SourceTitle "EXT 2015"]
[Source "ChessBase"]
[SourceDate "2014.11.20"]
[SourceVersion "1"]
[SourceVersionDate "2014.11.20"]
[SourceQuality "1"]

1. e4 e5 2. Nf3 Nc6 3. Bc4 Bc5 4. c3 Nf6 5. d3 d6 6. h3 a6 7. Bb3 Bd7 8. Bc2 Qe7 9. Nbd2 0-0 10. Nf1 Rad8 11. Bg5 Bc8 12. g4 d5 13. Qe2 dxe4 14. dxe4 h6 15. Bh4 g5 16. Bg3 Rfe8 17. Ne3 Bxe3 18. Qxe3 Nd7 19. 0-0 Nf8 20. Rad1 Ng6 21. Rxd8 Rxd8 22. Rd1 Re8 23. Kh2 Kg7 24. Ng1 Rh8 25. f3 Nd8 26. Ne2 Ne6 27. Bb3 h5 28. Kg1 hxg4 29. hxg4 Ngf4 30. Bxe6 Bxe6 31. Bxf4 gxf4 32. Qf2 Bxa2 33. Nc1 Bc4 34. Kg2 b6 35. b3 Be6 36. Rh1 Rd8 37. Rh5 Rd1 38. Ne2 Bxb3 39. g5 Qd6 40. Qh4 Qd3 41. Rh7+ Kf8 42. Qh6+ Ke7 43. Qf6+ Kd7 44. Qf5+ Kc6 45. Qf6+ Kb7 0-1

[Event "Santiago Club"]
[White "Gonzalez Rodriguez, Alejandro"]
[Black "Pulgar Diaz, Cristian"]
[Site "Santiago de Chile"]
[Round "4"]
[Result "1-0"]
[Date "2013.08.27"]
[WhiteElo "2127"]
[BlackElo "2109"]
[PlyCount "77"]
[EventDate "2013.08.13"]
[EventType "tourn"]
[EventRounds "5"]
[EventCountry "CHI"]
[SourceTitle "EXT 2024"]
[Source "ChessBase"]
[SourceDate "2023.10.10"]
[SourceVersion "1"]
[SourceVersionDate "2023.10.10"]
[SourceQuality "1"]

1. e4 e5 2. Nf3 Nc6 3. Bb5 Bc5 4. c3 Nf6 5. d3 Qe7 6. 0-0 a6 7. Ba4 0-0 8. h3 d6 9. Re1 h6 10. Nbd2 Nh7 11. Nf1 f5 12. Bxc6 bxc6 13. exf5 Qf7 14. Ng3 Bxf5 15. Nxf5 Qxf5 16. Qe2 Rae8 17. Qe4 Qd7 18. Qc4+ Kh8 19. Be3 Bxe3 20. Rxe3 a5 21. Rae1 Rb8 22. R1e2 Rf4 23. d4 Nf6 24. g3 Rxf3 25. Rxf3 d5 26. Qc5 e4 27. Rf4 Kg8 28. Kh2 Re8 29. Qxa5 Nh5 30. Rh4 Qf7 31. Qa4 Re6 32. Qc2 Nf6 33. Rf4 Qh5 34. Kg2 Nd7 35. Re3 Qe8 36. a4 c5 37. a5 c4 38. b4 Nb8 39. Qe2 1-0

[Event "Santiago Endesa Interempresas tt-A"]
[White "Abarca, Ivan"]
[Black "Pulgar Diaz, Cristian"]
[Site "Santiago de Chile"]
[Round "4"]
[Result "1-0"]
[Date "2009.08.11"]
[WhiteElo "2156"]
[BlackElo "2091"]
[PlyCount "53"]
[EventDate "2009.07.21"]
[EventType "team"]
[EventRounds "13"]
[EventCountry "CHI"]
[SourceTitle "EXT 2012"]
[Source "ChessBase"]
[SourceDate "2011.11.24"]
[SourceVersion "1"]
[SourceVersionDate "2011.11.24"]
[SourceQuality "1"]

1. d4 Nf6 2. Nf3 g6 3. c4 d6 4. Nc3 Nbd7 5. e4 e5 6. h3 Bg7 7. dxe5 dxe5 8. Bg5 h6 9. Be3 0-0 10. Be2 c6 11. 0-0 Qe7 12. Qd2 Kh7 13. Rfd1 Re8 14. Rab1 Nh5 15. b4 Nf4 16. Bf1 Nf8 17. Kh2 Qf6 18. Ng1 g5 19. g3 N4e6 20. Bd3 Nd4 21. Bxd4 exd4 22. e5+ Qg6 23. Bxg6+ Nxg6 24. Qxd4 Bxe5 25. Qd3 Be6 26. Ne4 Kh8 27. Nf3 1-0

[Event "Santiago Endesa Interempresas tt-A"]
[White "Gonzalez Vasquez, Jorge Roberto"]
[Black "Pulgar Diaz, Cristian"]
[Site "Santiago de Chile"]
[Round "2"]
[Result "0-1"]
[Date "2009.07.28"]
[WhiteElo "2136"]
[BlackElo "2091"]
[PlyCount "107"]
[EventDate "2009.07.21"]
[EventType "team"]
[EventRounds "13"]
[EventCountry "CHI"]
[SourceTitle "EXT 2012"]
[Source "ChessBase"]
[SourceDate "2011.11.24"]
[SourceVersion "1"]
[SourceVersionDate "2011.11.24"]
[SourceQuality "1"]

1. e4 d6 2. d4 Nf6 3. Nc3 g6 4. Nf3 Bg7 5. Be2 0-0 6. 0-0 Na6 7. h3 c5 8. d5 Nc7 9. Re1 a6 10. a4 b6 11. Ra3 Re8 12. Bc4 Rb8 13. Qd3 Nd7 14. Bf4 b5 15. axb5 axb5 16. Nxb5 Nxb5 17. Bxb5 Bxb2 18. Rb3 Bg7 19. e5 dxe5 20. Nxe5 Bxe5 21. Bxe5 Nxe5 22. Rxe5 Bd7 23. Bc4 Qc7 24. Qe2 Rxb3 25. Bxb3 Qd6 26. Re3 Kf8 27. Qf3 Ra8 28. Qg3 Qxg3 29. Rxg3 Ke8 30. Rc3 Ra5 31. Bc4 Kd8 32. f3 f6 33. Kf2 Kc7 34. Rb3 Ra4 35. Be2 Ra2 36. c4 Ba4 37. Re3 Kd7 38. f4 Bc2 39. Kf3 f5 40. g4 Be4+ 41. Kg3 Ra1 42. gxf5 gxf5 43. Bf3 Bxf3 44. Kxf3 Rc1 45. Re5 Rxc4 46. Rxf5 Rd4 47. Rh5 c4 48. Ke3 c3 49. d6 Rxd6 50. Rc5 Rh6 51. Kd3 Rxh3+ 52. Kc2 Ke6 53. Rg5 h5 54. Ra5 0-1

[Event "CHI-chT"]
[White "Pulgar Diaz, Cristian"]
[Black "Henriquez Villagra, Oscar"]
[Site "Santiago de Chile"]
[Round "8"]
[Result "0-1"]
[Date "2008.12.02"]
[WhiteElo "1965"]
[BlackElo "1912"]
[PlyCount "86"]
[EventDate "2008.11.04"]
[EventType "team-tourn"]
[EventRounds "9"]
[EventCountry "CHI"]
[SourceTitle "EXT 2012"]
[Source "ChessBase"]
[SourceDate "2011.11.24"]
[SourceVersion "1"]
[SourceVersionDate "2011.11.24"]
[SourceQuality "1"]

1. d4 Nf6 2. c4 g6 3. Nc3 Bg7 4. e4 d6 5. Be3 0-0 6. Bd3 Ng4 7. Qf3 Nxe3 8. Qxe3 c5 9. Nge2 cxd4 10. Nxd4 Qb6 11. Nb3 Qxe3+ 12. fxe3 Bxc3+ 13. bxc3 b6 14. e5 Bb7 15. 0-0 dxe5 16. c5 Nd7 17. Rab1 Rac8 18. cxb6 Nxb6 19. Rfc1 Rfd8 20. Be2 Be4 21. Rb2 Bd3 22. Bxd3 Rxd3 23. Rbc2 Nc4 24. e4 f6 25. Kf2 Kf7 26. Re2 Nd6 27. Re3 Rdxc3 28. Rcxc3 Rxc3 29. Re2 Nb5 30. Rd2 Nd4 31. Nxd4 exd4 32. Rxd4 Rc2+ 33. Kf3 Rxa2 34. Rd7 a5 35. Ra7 g5 36. h3 h5 37. g3 Ra3+ 38. Kf2 a4 39. Ra5 Ra2+ 40. Kf3 a3 41. Ra6 Ra1 42. Kf2 a2 43. Kg2 Ke8 0-1